01209nam a2200289 a 4500001001000000003000900010005001700019007001000036008004100046020001800087040002200105082003000127100002800157245022700185260003600412300002700448490002100475500007000496500007000566600004100636650006300677651006600740700002300806700003100829700003500860700002400895000003017DO-SdBNP20210920134306.0000003017090706s2008 dr a 001 0 spa d a9789945162257 aBPMSUbspacBPMSU 4a972.93054bP944m 20082221 aPérez Modesto, Rafael10aManolo Tavárez y las guerrillas constitucionalistas de 1963 :banálisis crítico /cRafael Pérez Modesto ; cuidado de edición Edgar Valenzuela ; corrección José Chez Checo, Juan Daniel Balcácer, Eric Simó. aSanto Domingo :bBúho,c2008. a63 p. :bil. ;c21 cm.0 aConferencias,v1 aIncluye datos biográficos del autor en la solapa de la cubierta aConferencia pronunciada en la Academia Dominicana de la Historia 14aTavárez Justor, Manuel d1931-1963 4aGuerrillas zRepública Dominicana xHistoria ySiglo XX 4aRepública Dominicana xHistoria yErade Trujillo, 1930-19611 aValenzuela, Edgar,1 aChez Checo, José,ecorr.1 aBalcácer, Juan Daniel,ecor.1 aSimó, Eric,ecor.